000 00590nam a2200193 4500
999 _c196602
_d196602
005 20230718104727.0
010 _aENG-137448
020 _c550.00
_a9789382829485
035 _aEN-120980
037 _bDBAD/PUB
082 _a624.1
100 _aRajeshwari,Ch.
245 _aStructural Engineering-I(RCC)/
_cBy Ch. Rajeshwari
260 _aHydrabad
_bM/s SriKrishna Techno Books
_c2023
270 _a7-1-277/242, 5th Floor Near B K Guda Park, S R Nagar
_bHyderabad
_e500038
300 _axiv; 258p.
_c24cm(pbk)
700 _aP. Suresh
942 _2ddc
_cEN
_h624.1
_mRAJ